000 00521nam a2200181Ia 4500
003 GCL
008 140319s9999 xx 000 0 eng d
040 _aGCL /
_cGCL
082 0 4 _a153
_bs m
100 1 _aSTERNBERG, REBERT J
245 1 0 _aMIND IN CONTEXT: INTERACTIONIST PERSPECTIVES ON HUMAN INTELLIGENCE /
_cSTERNBERG, REBERT J
700 1 _aWAGNER, RICHARD K
260 _a[S.N] :
_bCAMLRIDGE UNIVERSITY PRESS ،
_c1994
300 _a245 P
650 0 4 _aINTELLECT
650 0 4 _aCONTEXT EFFECTS
942 _2ddc
_cBK
999 _c19528
_d19528